highest grossing movie musicals - Statistics

General Stats
  • This quiz has been taken 56 times
  • The average score is 10 of 15
Answer Stats
year starring gross film % Correct
1978 Olivia Newton-John $722 million Grease
100%
1965 Julie Andrews $1.33 billion The Sound of Music
96%
1964 Dick Van Dyke $732 million Mary Poppins
82%
1976 Kris Kristofferson $351 million A Star is Born
76%
2018 Lady Gaga $223 million A Star is Born
76%
1984 Kevin Bacon $223 million Footloose
76%
1975 Tim Curry $516 million The Rocky Horror Picture Show
71%
2018 Rami Malek $224 million Bohemian Rhapsody
67%
1977 John Travolta $380 million Saturday Night Fever
59%
1968 Barbra Streisand $375 million Funny Girl
55%
1964 Audrey Hepburn $562 million My Fair Lady
55%
1979 Jim Henson $244 million The Muppet Movie
53%
1961 Natalie Wood $524 million West Side Story
53%
1980 Sissy Spacek $234 million Coal Miner's Daughter
27%
1982 Dolly Parton $222 million The Best Little Whorehouse in Texas
14%
No matching quizzes found
Score Distribution
Percent of People with Each Score
Percentile by Number Answered
Your Score History
You have not taken this quiz